| 000 | 00738nam a2200253 a 4500 | ||
|---|---|---|---|
| 005 | 20140311161034.0 | ||
| 008 | 110720s19uu xx 00 eng d | ||
| 020 | _a0071087982 | ||
| 050 |
_aHF 5549.2.U5 _b.N763 2010 |
||
| 100 | _aNoe, Raymond A. | ||
| 245 |
_aHuman resource management : _bgaining a competitive advantage / _cNoe, Raymond A. |
||
| 250 | _a7th ed. | ||
| 260 |
_aNew York : _bMcGraw-Hill/Irwin, _c2010. |
||
| 300 |
_a799 p. : _bill. ; _c25 cm. |
||
| 500 | _aIncludes index. | ||
| 521 | _aBSBA | ||
| 650 | _aPersonnel management-- United States. | ||
| 700 | _aHollenbeck, John R. | ||
| 700 | _aGerhart, Barry | ||
| 700 | _aWright, Patrick M. | ||
| 942 |
_cBK _2lcc _kFOR |
||
| 999 |
_c24364 _d24364 |
||